| 000 | 00501 a2200169 4500 | ||
|---|---|---|---|
| 020 | _a0-7637-1357-0 | ||
| 020 | _a0-7637-1357-0 | ||
| 040 |
_aDLC _bDLC |
||
| 100 | 1 | _aZill, Dennis G. | |
| 245 | 0 | 0 |
_aAdvanced engineering mathematics _cDennis G. Zill, Michael R. Cullen |
| 250 | _a2. ed. | ||
| 260 |
_aSudbury, Mass : _bJones and Bartlett, _ccop. 2000 |
||
| 300 |
_axvi, 926, 96 s. : _bill. ; _c26 cm |
||
| 650 | 0 | _aEngineering mathematics | |
| 700 | 1 | _aCullen, Michael R | |
| 942 |
_cBK _k510.2462 ZIL _2ddc |
||
| 999 |
_c4424 _d4424 |
||